| 000 | 00980cam a2200313 a 4500 | ||
|---|---|---|---|
| 003 | CHAP | ||
| 005 | 20220329142127.0 | ||
| 008 | 990826d1999 mx a r 00010 spa d | ||
| 010 | _a78854 | ||
| 011 | _a79826 | ||
| 020 | _a9701702530 | ||
| 035 | _a90240 | ||
| 040 | _cCHAP | ||
| 082 | 0 | 4 |
_a510 _bJ6Y 1997 |
| 100 | 0 | 0 |
_aJohnsonbaugh, Richard. _961885 |
| 245 | 1 | 0 |
_aMatemáticas discretas _c/por Richard Johnsonbaugh |
| 260 |
_aMéxico, D.F. : _bPrentice Hall, _c1999. |
||
| 300 |
_a701 p. : _bilus. |
||
| 500 | _aTrad. de : Discrete mathematics, 4ed. 1997 | ||
| 590 |
_aBATCH-UPD _b10 _c20130110 _lUCH01 _h1019 |
||
| 590 |
_aBATCH-UPD _b10 _c20130410 _lUCH01 _h0625 |
||
| 590 |
_aBATCH-UPD _b10 _c20130914 _lUCH01 _h1803 |
||
| 590 |
_aCONVERSION _b10 _c20130109 _lUCH01 _h1344 |
||
| 650 | 1 | 4 |
_aMatemáticas. _972901 |
| 901 | _aBK | ||
| 905 | _aLilia Sánchez G. | ||
| 942 | _cLIBRO | ||
| 949 |
_a510 J6Y 1997 _bBC _cLIBRO _d33724000738407 _eLIBRO _gI.199095 _h96272 _i90240 _si _t$152.00 |
||
| 999 |
_c78854 _d78854 |
||